UITU Library & LRC     

Industrial Packet Sorting PLC Based Robotic Arm and its Complete Control System Through DC Motor (Record no. 33069)

MARC details
000 -LEADER
fixed length control field 00523nam a2200133Ia 4500
008 - FIXED-LENGTH DATA ELEMENTS--GENERAL INFORMATION
fixed length control field 260210s9999 xx 000 0 und d
024 ## - OTHER STANDARD IDENTIFIER
Standard number or code 09B-34-EE, 09B-25-EE, 09B-58-EE & 09B-30-EE
082 ## - DEWEY DECIMAL CLASSIFICATION NUMBER
Classification number 629.8932072 OME
100 ## - MAIN ENTRY--PERSONAL NAME
Personal name Omer Farooq Ghias, Irfan Ali, Umar Qadeer & Jawad Ghazanfar
245 #0 - TITLE STATEMENT
Title Industrial Packet Sorting PLC Based Robotic Arm and its Complete Control System Through DC Motor
260 ## - PUBLICATION, DISTRIBUTION, ETC.
Place of publication, distribution, etc. Karachi:
Name of publisher, distributor, etc. UITU,
Date of publication, distribution, etc. 2009
600 ## - SUBJECT ADDED ENTRY--PERSONAL NAME
Personal name Electronic Engineering
650 ## - SUBJECT ADDED ENTRY--TOPICAL TERM
Topical term or geographic name entry element Bachelor of Engineering (BE)

No items available.

Powered by Koha